000 01046nam0a22002411 4500
001 rc\844574
005 20260406184207.0
035 _a(NLR Aleph) 006025642
090 _a7474751
_c7474751
100 _a20041129d1983 |||y0rusy50 ca
101 0 _arus
102 _aRU
105 _ay |||||||||
200 1 _aМетодические рекомендации по организации и проведению подвижных игр и физических упражнений на удлиненных переменах
_fМ-во просвещения СССР, НИИ физиологии детей и подростков АПН СССР
_g[Сост. Баранцев С.А. и др.]
210 _aМ.
_cБ. и.
_d1983
215 _a[2], 10 с.
_d20
702 1 _aБаранцев
_bС.А.
_4220
712 0 2 _aНИИ физиологии детей и подростков
_cМосква
_3RU\NLR\AUTH\889949530
_9394696
801 0 _aRU
_bNLR
_gpsbo
801 1 _aRU
_bELAR
_2rusmarc
852 _aNLR
_j84-4/2502
942 _cBOOK
980 _aNB